| 000 | 00399nam a2200157Ia 4500 | ||
|---|---|---|---|
| 003 | GCL | ||
| 008 | 140319s9999 xx 000 0 eng d | ||
| 040 |
_aGCL / _cGCL |
||
| 082 | 0 | 4 |
_a723 _bF A |
| 100 | 1 | _aFOCILLON, HENRI | |
| 245 | 1 | 0 |
_aThe Art of the West / _cFOCILLON, HENRI |
| 260 |
_a[S.N] : _bPHAIDON ، _c1980 |
||
| 300 | _a313 | ||
| 650 | 0 | 4 | _aARCHITECTURE, MEDIEVAL EUROPE |
| 942 |
_2ddc _cBK |
||
| 999 |
_c17346 _d17346 |
||